书目信息 |
| 题名: |
晚唐小品文选译
|
|
| 作者: | 舒元舆 著 ;顾歆译 译注 | |
| 分册: | ||
| 出版信息: | 成都 巴蜀书社 1991.10 |
|
| 页数: | 193页 | |
| 开本: | 19cm | |
| 丛书名: | 古代文史名著选译丛书 | |
| 单 册: | ||
| 中图分类: | I264.2 , I11 | |
| 科图分类: | ||
| 主题词: | 古典散文--中国--唐代--选集 , 文学--作品集--世界 | |
| 电子资源: | ||
| ISBN: | 7-80523-358-6 | |
| 000 | 00878oam2 2200289 450 | |
| 001 | 1537159352 | |
| 005 | 20150125101951.96 | |
| 010 | @a7-80523-358-6@dCNY2.80 | |
| 100 | @a19920528d1991 em y0chiy0110 ea | |
| 101 | 0 | @achi |
| 102 | @aCN@b510000 | |
| 105 | @af zr 000cd | |
| 200 | 1 | @a晚唐小品文选译@9WAN TANG XIAO PIN WEN XUAN YI@f(唐)舒元舆等著@g顾歆艺译注 |
| 210 | @a成都@c巴蜀书社@d1991.10 | |
| 215 | @a193页@c插图@d19cm | |
| 225 | 2 | @a古代文史名著选译丛书@i隋唐五代@f章培恒等主编 |
| 300 | @a国家教委古籍整理“七·五”规划重点项目 | |
| 461 | 0 | @12001 @a古代文史名著选译丛书 |
| 462 | 0 | @12001 @a隋唐五代 |
| 606 | 0 | @a古典散文@y中国@z唐代@j选集 |
| 606 | 0 | @a文学@x作品集@x世界 |
| 690 | @aI264.2@v5 | |
| 690 | @aI11@v4 | |
| 701 | 0 | @a舒元舆@9SHU YUAN YU@4著 |
| 702 | 0 | @a顾歆译@9GU XIN YI@4译注 |
| 801 | 0 | @aCN@bTSSF@c20150125 |
| 905 | @aZUCC@dI11@eJY65 | |
| 晚唐小品文选译/(唐)舒元舆等著/顾歆艺译注.-成都:巴蜀书社,1991.10 |
| 193页:插图;19cm.-(古代文史名著选译丛书.隋唐五代/章培恒等主编) |
| 国家教委古籍整理“七·五”规划重点项目 |
| ISBN 7-80523-358-6:CNY2.80 |
| ● |
| 相关链接 |
|
|
|
|
正题名:晚唐小品文选译
索取号:I11/JY65
 
预约/预借
| 序号 | 登录号 | 条形码 | 馆藏地/架位号 | 状态 | 备注 |
| 1 | 7853851 | 278538511 | 学院路分馆/ [索取号:I11/JY65] | 在馆 | |
| 2 | 7853852 | 278538520 | 学院路分馆/ [索取号:I11/JY65] | 在馆 |